SIGGRAPH video review. Issue 131, SIGGRAPH 1991. Electronic theater program

Συλλογή 27 αποσπασμάτων τα οποία παρουσιάζουν τις προηγμένες εξελίξεις στα κινούμενα σχέδια

Αποθηκεύτηκε σε:
Λεπτομέρειες βιβλιογραφικής εγγραφής
Συλλογικό Έργο: SIGGRAPH, Association for Computing Machinery
Μορφή: Διαφάνειες
Γλώσσα:English
Δημοσίευση: New York, N.Y. : ACM, [1999]
Θέματα:
Ετικέτες: Προσθήκη ετικέτας
Δεν υπάρχουν, Καταχωρήστε ετικέτα πρώτοι!

MARC

LEADER 00000 gm a2200000 i 4500
001 1/44381
008 070516s1999 us g eng d
035 |l 10087845 
040 |a GR-MY-UA  |b gre  |e aacr 
041 0 |a eng 
082 0 |a 776.6  |2 (22) 
110 2 |a SIGGRAPH. 
245 1 0 |a SIGGRAPH video review.  |n Issue 131,  |p SIGGRAPH 1991. Electronic theater program  |h [μαγνητοσκόπηση] 
246 3 3 |a Electronic theater program 
246 3 3 |a SIGGRAPH 1999. Electronic theater program 
260 |a New York, N.Y. :   |b ACM,   |c [1999] 
300 |a 1 βιντεοδίσκος (60 λεπτ.);  |b ομίλ., έγχρ.;  |c 4 3/4 ίν.+  |e 1 βιβλιαράκι 
505 0 |a 1.Fiat Lux / University of California at Berkeley2. Impel / Brandon Morse3. Polar bear swim / Rhythm & Hues Studios4. Breaking objects / Georgia Institute of Technology5. Hollow / Ringling School of Art & Design6. SCinema event / Liquid Design Group7. The fort at Mashantucket / Nicholson NY8. Body story / 4:2:2 Bristol9. Galaxy cluster dynamics / Pittsburgh Supercomputing Center10. Twinkle, twinkle, shooting star... / Tokyo Broadcasting System, Inc.11. The round earth project / Electronic Visualization Laboratory12. Tightrope / Digital Domain Inc.13. LIDAR: reality capture / Cyra Technologies14. Paper chase / Windlight Studios15. Oddworld: Abe's exoddus / Oddworld Inhabitants16. Ronin romance classics / Ronin Animation17. The duck father / Tomoyuki Harashima18. Sandland / Heiko Lueg19. The Jester / Pacific Title/Mirage Studio20. Moebius - The city of fire / Menfond Electronic Art21. To build a better mousetrap / Digital Filmworks22. Fishing / Pacific Data Images23. Mighty Joe Young / Dream Quest Images24. MTV - Forests / Filamakademie Baden Wurttemberg25. All is full of love / Glassworks Ltd.26. Spatial frames / Robert Jensen27. Masks / Filmakademie Baden-Wurttemberg 
520 |a Συλλογή 27 αποσπασμάτων τα οποία παρουσιάζουν τις προηγμένες εξελίξεις στα κινούμενα σχέδια 
650 0 0 |a Computer animation. 
650 0 0 |a Computer graphics. 
650 0 0 |a Animated films. 
650 0 0 |a Short films. 
710 2 |a Association for Computing Machinery. 
852 |a INST  |b SYROS  |c AV  |e 20070516  |h 776.6 SIG  |p 005500007343  |q 005500007343  |t DVD  |y 23 
901 |a BIBL5-2007-1 
909 |a Ε  |b 129681 
920 |a ΑΝΑΜΟΡΦΩΣΗ  |b ΕΠΕΑΕΚ ΙΙ-ΤΜΣΠΣ  |y ΣΥΡΟΣ  |z 2006-06 
970 |a ΚΟΝΤΟΥ  |b ΠΑΡΑΣΚΕΥΗ  |z 2007/05/16